Online
Catalog

Autobiografía del Río arlanza : (Record no. 41984)

MARC details
000 -CABECERA
campo de control de longitud fija 00591nam a2200169 a 4500
001 - NÚMERO DE CONTROL
campo de control 000042495
005 - FECHA Y HORA DE LA ÚLTIMA TRANSACCIÓN
campo de control 20201002040206.0
008 - DATOS DE LONGITUD FIJA--INFORMACIÓN GENERAL
campo de control de longitud fija 131204s1973 sp a 000 0 spa d
020 ## - NÚMERO INTERNACIONAL ESTÁNDAR DEL LIBRO
Número Internacional Estándar del Libro 8450058333
040 ## - FUENTE DE LA CATALOGACIÓN
Centro catalogador/agencia de origen DO-SdBNP
Lengua de catalogación spa
Centro/agencia transcriptor BNPHU
082 ## - NÚMERO DE LA CLASIFICACIÓN DECIMAL DEWEY
Número de clasificación xxxx
Número de documento/Ítem xxxx, 1973
100 1# - ENTRADA PRINCIPAL--NOMBRE DE PERSONA
Nombre de persona Valentín de la Cruz, Fray.
9 (RLIN) 69691
245 10 - MENCIÓN DE TÍTULO
Título Autobiografía del Río arlanza :
Resto del título (el rio cuenta su vida) /
Mención de responsabilidad, etc. Fray Valentín de la Cruz.
250 ## - MENCIÓN DE EDICIÓN
Mención de edición 2a ed.
260 ## - PUBLICACIÓN, DISTRIBUCIÓN, ETC.
Lugar de publicación, distribución, etc. Burgos :
Nombre del editor, distribuidor, etc. [Institución Fernán González],
-- [Academia Burgense de Historia y Bellas Artes],
Fecha de publicación, distribución, etc. 1973.
300 ## - DESCRIPCIÓN FÍSICA
Extensión 148 p. :
Otras características físicas il. ;
Dimensiones 20 cm.
Holdings
Estado de retiro Estado de pérdida Restricciones de uso No para préstamo Código de colección Localización permanente Ubicación/localización actual Ubicación en estantería Fecha de adquisición Número de inventario Total de préstamos Signatura topográfica completa Código de barras Fecha visto por última vez Precio válido a partir de Tipo de ítem Koha
      Excluido de préstamo Monografías: Libros y Folletos General General En catalogación 04.12.2013 LF1   xxxx xxxx, 1973 42495-10 25.06.2020 25.06.2020 No se presta

Powered by Koha